| 000 | 01744nam a2200265 i 4500 | ||
|---|---|---|---|
| 001 | 190520 | ||
| 003 | ES-MaACL | ||
| 005 | 20251001145918.0 | ||
| 008 | 210818s2007 sp ao l001 0bspa d | ||
| 020 | _a978-84-96849-32-7 | ||
| 080 | _a72 Chueca Goitia, Fernando | ||
| 245 | 0 | 0 |
_aFernando Chueca Goitia, arquitecto, humanista y político / _ccoordinador, Gonzalo Anes y Álvarez de Castrillón. |
| 260 |
_aMadrid : _bReal Academia de la Historia : _bAyuntamiento de Madrid, _c2007. |
||
| 300 |
_a108 p. : _bil. col. y n., fot. ; _c30 cm. |
||
| 505 | 0 | _aPrólogo / Alberto Ruiz-Gallardón . Fernando Chueca, arquitecto humanista y político / Gonzalo Anes y Álvarez de Castrillón . La vida, otra arquitectura de Fernando Chueca Goitia / Fernando Chueca Aguinaga . Fernando Chueca y las reales academias / José Manuel Pita Andrade . Arquitectura y restauración arquitectónica en Fernando Chueca / Rafael Manzano Martos . Fernando Chueca y "la Acrópolis madrileña" / Juan Gómez y González de la Buelga . La creación de la diócesis y catedral de Madrid / Quintín Aldea Vaquero | |
| 594 | _aRecoge las conferencias del ciclo que organizó la Real Academia de la Historia para rendir homenaje al académico Fernando Chueca Goitia. | ||
| 600 | 1 | 4 |
_aChueca Goitia, Fernando, _d1911-2004 _938688 |
| 700 | 1 |
_aAnes, Gonzalo, _d1931-2014 _921689 |
|
| 710 | 2 |
_aReal Academia de la Historia (España) _96309 |
|
| 852 |
_aES-MaACL _jA-14724 _9197698 _bR.151744 _cDEPO1 _dOlim: N-7724 _gDedicatoria autógrafa del donante _hDonación: Eloy Benito Ruano |
||
| 903 |
_927689 _aBenito Ruano, Eloy _ednr |
||
| 942 |
_2udc _cMONOGRAFIA |
||
| 999 |
_c190520 _d190520 |
||